Beyoncé - AMERICA HAS A PROBLEM (Lyrics) - Statistics

General Stats
  • This quiz has been taken 182 times
  • The average score is 298 of 421
Answer Stats
Answer % Correct
P
97%
a
96%
me
95%
you
94%
You
94%
you?
94%
I
93%
D
89%
your
89%
Your
89%
go
88%
it,
88%
it
88%
when
88%
When
88%
America,
87%
America
87%
has
87%
problem
86%
know
85%
Know
85%
love
85%
love,
85%
for
84%
to
84%
see
83%
Do
82%
do
82%
I'm
82%
on
82%
this
82%
this,
82%
This
82%
get
81%
no
81%
no,
81%
that
81%
the
81%
high
80%
want
80%
we
79%
what
79%
then
77%
got
76%
Can't
75%
can't
75%
back
73%
hit
73%
need
73%
Twenty,
73%
wait
73%
Heard
72%
up
72%
with
72%
higher
70%
like
70%
than
70%
wanna
70%
week
70%
booty
69%
Call
69%
is
69%
Pray
69%
Don't
68%
don't
68%
gon'
68%
my
68%
too
68%
and
67%
Boy,
66%
Boy
66%
deep
66%
make
66%
Make
66%
one
65%
pull
65%
some
65%
time,
65%
wants
65%
whole
65%
come
63%
map,
63%
racks
63%
trap,
63%
weak
63%
bad,
62%
bad
62%
eighty
62%
in
62%
right
62%
Now
61%
Put
61%
these
61%
Grind
60%
grind
60%
out
59%
watching,
59%
as
58%
double
58%
Double
58%
forty,
58%
man,
58%
drug
57%
'Cause
56%
you're
55%
You're
55%
rap
54%
lord
53%
mine
53%
of
53%
kind
52%
multiple
52%
soon
52%
them
52%
familiar
51%
Just
49%
land
49%
dash
48%
G's
48%
Nigga,
46%
goons
45%
Montana
45%
step
44%
acting
43%
bag,
43%
big
43%
case
43%
demand
43%
jeans,
43%
start
43%
dope,
42%
Tony
42%
enough
41%
but
40%
ain't
39%
business,
39%
crack
39%
supplying
39%
scene,
38%
scheming
38%
kill
37%
roll
36%
they
35%
Ivy
34%
I'ma
32%
fiending
28%
ex-dealer
27%
Tell
27%
slab,
26%
C's
22%
No matching quizzes found
Score Distribution
Percent of People with Each Score
Percentile by Number Answered
Your Score History
You have not taken this quiz